书目信息 |
| 题名: |
屈赋音注详解
|
|
| 作者: | 刘永济 | |
| 分册: | ||
| 出版信息: | 上海 上海古籍出版社 1983 |
|
| 页数: | 444页 | |
| 开本: | 20cm | |
| 丛书名: | ||
| 单 册: | ||
| 中图分类: | H113.9 | |
| 科图分类: | ||
| 主题词: | 汉语--语音 , 汉语--音韵学 | |
| 电子资源: | ||
| ISBN: | ||
| 000 | 00513nam0 2200193 450 | |
| 001 | 0728815141 | |
| 005 | 20070819080015.14 | |
| 010 | @d¥1.65 | |
| 100 | @a20070819d km y0chiy0120 ea | |
| 101 | 0 | @achi |
| 200 | 1 | @a屈赋音注详解@Aqu fu yin zhu xiang jie@f刘永济@Fliu yong ji |
| 210 | @a上海@c上海古籍出版社@d1983 | |
| 215 | @a444页@d20cm | |
| 606 | 0 | @a汉语@x语音 |
| 606 | 0 | @a汉语@x音韵学 |
| 690 | @aH113.9@v3 | |
| 701 | 0 | @a刘永济@Aliu yong ji |
| 801 | 0 | @aCN@bPFT@c20070819 |
| 905 | @a213230@dH113.9@eZW17@f1 | |
| 屈赋音注详解/刘永济.-上海:上海古籍出版社,1983 |
| 444页;20cm |
| ISBN :¥1.65 |
| ● |
| 相关链接 |
|
|
|
|
正题名:屈赋音注详解
索取号:H113.9/ZW17
 
预约/预借
| 序号 | 登录号 | 条形码 | 馆藏地/架位号 | 状态 | 备注 |
| 1 | 7615170 | 276151708 | 密集书库-文学院/ [索取号:H113.9/ZW17] | 在馆 |